ARRUPE JESUIT UNIVERSITY

CORONAVIRUS -STOP THE SPREAD - CLEAN,DISINFECT,COVER

We shall sing for the fatherland / (Record no. 126383)

MARC details
000 -LEADER
fixed length control field 00835cam a2200265 a 4500
001 - CONTROL NUMBER
control field 902160
003 - CONTROL NUMBER IDENTIFIER
control field ARRUPE
005 - DATE AND TIME OF LATEST TRANSACTION
control field 20170411093340.0
008 - FIXED-LENGTH DATA ELEMENTS--GENERAL INFORMATION
fixed length control field 810714s1980 sa 000 0 eng
010 ## - LIBRARY OF CONGRESS CONTROL NUMBER
LC control number 81117595
015 ## - NATIONAL BIBLIOGRAPHY NUMBER
National bibliography number SA***
020 ## - INTERNATIONAL STANDARD BOOK NUMBER
International Standard Book Number 0869751972 (pbk.)
040 ## - CATALOGING SOURCE
Original cataloging agency DLC
Transcribing agency DLC
Modifying agency DLC
043 ## - GEOGRAPHIC AREA CODE
Geographic area code fs-----
050 00 - LIBRARY OF CONGRESS CALL NUMBER
Classification number PR9369.3.M4
Item number .W4
082 00 - DEWEY DECIMAL CLASSIFICATION NUMBER
Classification number 822
Edition number 19
300 ## - PHYSICAL DESCRIPTION
Dimensions 18 cm.
100 1# - MAIN ENTRY--PERSONAL NAME
Personal name Mda, Zakes.
9 (RLIN) 27482
245 10 - TITLE STATEMENT
Title We shall sing for the fatherland /
Statement of responsibility, etc Zakes Mda.
250 ## - EDITION STATEMENT
Edition statement Abridged edition
260 ## - PUBLICATION, DISTRIBUTION, ETC. (IMPRINT)
Place of publication, distribution, etc Johannesburg :
Name of publisher, distributor, etc Ravan Press,
Date of publication, distribution, etc 1993
300 ## - PHYSICAL DESCRIPTION
Extent 25 p. ;
505 0# - FORMATTED CONTENTS NOTE
Formatted contents note We shall sing for the fatherland -- Dead end -- Dark voices ring.
906 ## - LOCAL DATA ELEMENT F, LDF (RLIN)
a 7
b cbc
c orignew
d 2
e ncip
f 19
g y-gencatlg
942 ## - ADDED ENTRY ELEMENTS (KOHA)
Source of classification or shelving scheme Library of Congress Classification
Koha item type Monograph ( Printed materials)
Holdings
Withdrawn status Lost status Source of classification or shelving scheme Damaged status Not for loan Collection code Home library Current library Shelving location Date acquired Total Checkouts Full call number Barcode Date last seen Price effective from Koha item type
    Library of Congress Classification     Main Collection ARRUPE LIBRARY ARRUPE LIBRARY Main Collection 11/04/2017   PR9369.3.M37 .W4 46500025507 11/04/2017 11/04/2017 Monograph ( Printed materials)

 

Arrupe Library. PO Box MP320 Mt Pleasant, Harare, Zimbabwe
263 242 745411|librarian@aju.ac.zw